000 00537nam a2200193 i 4500
001 39429
003 ES-MaACL
005 20230906155957.0
007 t|
008 030303s1972 sp ||||1| spa d
100 1 _aCampión, Arturo.
_934182
245 1 0 _aFantasía y realidad /
_cArturo Campión.
260 _aPamplona :
_bAranzadi,
_c[1972]
300 _a210 p. ;
_c17 cm.
490 1 _aDiario de Navarra ;
_v15
830 0 _aDiario de Navarra ;
_v15
_9229703
852 _aES-MaACL
_jC-53590
_bR.85033
999 _c39429
_d39429